Kráľovstvo mačiek

Bibliographic Details
Other Authors: Morita, Hiroyuki (Director)
Format: Video VHS
Language:Slovak
PhysicalDescription:1 videokazeta (75 min.) stereo, fareb., VHS systém PAL 10 x 19 cm
Published: Bratislava Intersonic 2004
Subjects:

MARC

LEADER 00000ngm a2200000 a 4500
001 vtls001488275
003 SK-MaSNL
005 20260302073758.0
007 vf cbahos
008 050112s2004 xo 075 g vaslo
028 4 2 |a 9052  |b Intersonic 
040 |a SNK  |b slo  |c SNK  |e AACR2 
041 0 |a slo 
044 |a xo  |c SK 
072 7 |a 791  |x Film. Cirkus. Ľudová zábava  |2 konspekt 
080 |a 791.93-252  |2 2001 
080 |a (086.86)  |2 2001 
130 0 |a Cat returns  |l Slovensky  |9 738604 
245 0 0 |a Kráľovstvo mačiek  |h videozáznam  |c [réžia Hiroyuki Morita] 
260 |a Bratislava  |b Intersonic  |c 2004 
300 |a 1 videokazeta (75 min.)  |b stereo, fareb., VHS systém PAL  |c 10 x 19 cm 
500 |a Natočené podľa bestselleru "Barón, mačací kráľ" 
650 0 7 |a filmové rozprávky  |2 SNKPH  |9 73150 
655 7 |a videokazety  |2 SNKPH  |9 70726 
700 1 |a Morita, Hiroyuki  |4 drt  |9 537899 
999 |c 1162330  |d 1164260 
952 |a SNK  |b SNK  |y PREZ  |7 0  |p 17A0455407  |o snkSVC 1586  |i snk2005/19  |8 0  |0 0  |1 0  |4 0  |d 2005-01-12  |l 0  |r 2026-02-24 20:37:45  |w 2026-02-24